书目信息 |
| 题名: |
语料库语言学的研究与应用
|
|
| 作者: | 余国良 著 | |
| 分册: | ||
| 出版信息: | 成都 四川大学出版社 2009.02 |
|
| 页数: | 176页 | |
| 开本: | 21cm | |
| 丛书名: | ||
| 单 册: | ||
| 中图分类: | H03 | |
| 科图分类: | ||
| 主题词: | 词语--ci yu--研究 | |
| 电子资源: | ||
| ISBN: | 978-7-5614-4252-4 | |
| 000 | 00961nam0 2200253 450 | |
| 001 | 012010824949 | |
| 005 | 20100529172706.79 | |
| 010 | @a978-7-5614-4252-4@dCNY16.80 | |
| 100 | @a20100427d2009 em y0chiy0120 ea | |
| 101 | 0 | @achi |
| 102 | @aCN@b510000 | |
| 105 | @ay z 000yy | |
| 106 | @ar | |
| 200 | 1 | @a语料库语言学的研究与应用@Ayu liao ku yu yan xue de yan jiu yu ying yong@d= Researches and applications of corpus linguistics@f余国良著@Fyu guo liang zhu@zeng |
| 210 | @a成都@c四川大学出版社@d2009.02 | |
| 215 | @a176页@d21cm | |
| 300 | @a宁波工程学院学术著作出版基金资助 | |
| 330 | @a本书共分七章,包括语料库语言学概述、语料库的建设和发展、语料库的加工和利用、语料库语言学与外语教学、语料库语言学与翻译研究等内容。 | |
| 510 | 1 | @aResearches and applications of corpus linguistics@zeng |
| 606 | 0 | @a词语@Aci yu@x研究 |
| 690 | @aH03@v4 | |
| 701 | 0 | @a余国良@Ayu guo liang@4著 |
| 801 | 0 | @aCN@bQSSK@c20100529 |
| 905 | @b779002-04@dH03@eY751@f3 | |
| 语料库语言学的研究与应用= Researches and applications of corpus linguistics/余国良著.-成都:四川大学出版社,2009.02 |
| 176页;21cm |
| 宁波工程学院学术著作出版基金资助 |
| ISBN 978-7-5614-4252-4:CNY16.80 |
| 本书共分七章,包括语料库语言学概述、语料库的建设和发展、语料库的加工和利用、语料库语言学与外语教学、语料库语言学与翻译研究等内容。 |
| ● |
| 相关链接 |
|
|
|
正题名:语料库语言学的研究与应用
索取号:H03/Y751
 
预约/预借
| 序号 | 登录号 | 条形码 | 馆藏地/架位号 | 状态 | 备注 |
| 1 | 779002 | 207790023 | 语言库209/209语言库 66排1列5层/ [索取号:H03/Y751] | 在馆 | |
| 2 | 779003 | 207790032 | 语言库209/209语言库 66排1列5层/ [索取号:H03/Y751] | 在馆 | |
| 3 | 779004 | 207790041 | 语言库209/209语言库 66排1列5层/ [索取号:H03/Y751] | 在馆 |